01242nam a2200253Ia 4500952011900000999001700119008004100136020001800177050002200195100003300217245008900250250001800339260003500357300002800392504008100420505026100501519007300762650001200835650001400847650003100861700004800892700003600940942001200976 00102lcc4070a20b20d2018-02-15l10m2oKGF5422 C37 2010p20 000733r2019-12-04s2019-12-04t1w2018-02-15yLB c62561d62561120625s9999 xx 000 0 und d a9789700770154 4aKGF5422bC37 2010 aCastellanos, Fernandoeautor aLineamientos elementales de derecho penalb : parte generalc / Fernando Castellanos a49a edición aMéxicob : Porrúac , 2010 a363 páginasc; 22 cm. aIncluye: Índice de contenido Prólogo Introducción Opiniones de la obra aGeneralidades sobre el derecho penal y las ciencias penales Evolución de las ideas penales De la historia del derecho penal en México De las escuelas penales Teoría de la ley penal Teoría del delito Teoría de la pena y de las medidas de seguridad aPlan Flexible / bDerecho / cDerecho penal II (P09) / d(20 000733) 0aDELITOS 0aLEY PENAL 0aDERECHO PENALxENSEÑANZA aPorte Petit Candaudap, Celestinoeprólogo aSánchez Sodi, Horacioeeditor cLB2lcc